000 00350nam a2200133Ia 4500
005 20260328104252.0
008 260328s9999||||xx |||||||||||||| ||und||
100 _aGjerde, Eric
245 0 _aOrigami Tessellations :
_b Awe-inspiring geometric Designs /
_cEric Gjerde
260 _bCRC Press
300 _a121 p.
650 _aGEOMETRÍA
942 _cBK
999 _c10290
_d10290